The nature of life

Đã lưu trong:
书目详细资料
主要作者: Postlethwait, John H.
格式: 图书
语言:Undetermined
出版: New York McGraw-Hill c1995
主题:
标签: 添加标签
没有标签, 成为第一个标记此记录!
Thư viện lưu trữ: Trung tâm Học liệu Trường Đại học Cần Thơ
LEADER 00492nam a2200181Ia 4500
001 CTU_127209
008 210402s9999 xx 000 0 und d
082 |a 574 
082 |b P858 
100 |a Postlethwait, John H. 
245 4 |a The nature of life 
245 0 |c John H. Postlethwait, Janet L. Hopson 
260 |a New York 
260 |b McGraw-Hill 
260 |c c1995 
650 |a Biology,Life (Biology) 
904 |i Hiếu 
980 |a Trung tâm Học liệu Trường Đại học Cần Thơ